000 00529nam a2200169Ia 4500
001 11875
003 GE_BSU
008 181216s||||||||xx |||||||||||||| ||und||
040 _cGE_BSU
245 _aГеография и природные ресурсы.№2.Апрель-июнь 2014
245 _cГл. ред. В.М.Плюснин. (ред.колл.)
260 _aНовосибирск
260 _c2014
300 _a204стр.28см.
653 _aГеография и природные ресурсы.
942 _cCR
999 _c45053
_d45053